000 00662nam a2200181Ia 4500
008 100920s9999 xx 000 0 und d
082 _b93102
_a200 न 03
100 _aदेशमुख श्रीकृष्ण द.
245 _aबृहदव्यकोपनिषद.
260 _bमहाराष्ट्र गं्रथ भांडार, कोल्हापूर.
_c2003
300 _a144
_bसाधी
365 _b50
520 _aधार्मिक.
630 _aबृहदव्यकोपनिषद.
650 _aधार्मिक.
730 _aबृहदव्यकोपनिषद.
942 _cBOOK
999 _c733545
_d733542